Normal view
MARC view
Entry Topical Term
001 - CONTROL NUMBER
- control field: 17242
003 - CONTROL NUMBER IDENTIFIER
- control field: ARRUPE
005 - DATE AND TIME OF LATEST TRANSACTION
- control field: 20150416144723.0
008 - FIXED-LENGTH DATA ELEMENTS
- fixed length control field: 150416|| aca||aabn | a|a d
040 ## - CATALOGING SOURCE
- Original cataloging agency: ARRUPE
- Transcribing agency: ARRUPE
150 ## - HEADING--TOPICAL TERM
- Topical term or geographic name as entry element: Sacraments
- General subdivision: Catholic Church.
670 ## - SOURCE DATA FOUND
- Source citation: Work cat.: (ARRUPE)0: Halligan, Nicholas, 1917- 17239, The sacraments and their celebration /, c1986.